000 00360nam a22001577a 4500
003 SGT
020 _a9789354654459
082 _a616.024
_bI24B
100 _aBOLOOR, ARCHITH
245 _aAN INSIDER'S GUIDE TO CLINICAL MEDICINE
250 _a2ND
260 _aINDIA
_bJAYPEE PUB
_c2024
300 _a568
650 _aGENERAL MEDICINE
942 _2ddc
_cBK
999 _c30648
_d30648